Cleanliness and culture: Indonesian histories (Record no. 19349)
[ view plain ]
| 000 -LEADER | |
|---|---|
| fixed length control field | 00674nam a2200121Ia 4500 |
| 008 - FIXED-LENGTH DATA ELEMENTS--GENERAL INFORMATION | |
| fixed length control field | 220616s9999||||xx |||||||||||||| ||und|| |
| 100 ## - MAIN ENTRY--PERSONAL NAME | |
| Personal name | Dijk van, Kees||Taylor, Jean Gelman |
| 245 #0 - TITLE STATEMENT | |
| Title | Cleanliness and culture: Indonesian histories |
| 546 ## - LANGUAGE NOTE | |
| Language note | English[eng] |
| 650 ## - SUBJECT ADDED ENTRY--TOPICAL TERM | |
| Topical term or geographic name entry element | sociology||cultural anthropology||colonial politics||colonial history||indonesia||cleanliness||hygiene||Beriberi||Dutch East Indies||Homosexuality||Netherlands||Rice |
| 856 ## - ELECTRONIC LOCATION AND ACCESS | |
| Uniform Resource Identifier | <a href="https://library.oapen.org/bitstream/20.500.12657/34575/1/403202.pdf||https://library.oapen.org/bitstream/20.500.12657/34575/1/403202.pdf||https://library.oapen.org/bitstream/20.500.12657/34575/1/403202.pdf">https://library.oapen.org/bitstream/20.500.12657/34575/1/403202.pdf||https://library.oapen.org/bitstream/20.500.12657/34575/1/403202.pdf||https://library.oapen.org/bitstream/20.500.12657/34575/1/403202.pdf</a> |
| 942 ## - ADDED ENTRY ELEMENTS (KOHA) | |
| Koha item type | E-Books |
| Withdrawn status | Lost status | Damaged status | Not for loan | Home library | Current library | Date acquired | Total Checkouts | Date last seen | Price effective from | Koha item type |
|---|---|---|---|---|---|---|---|---|---|---|
| Kerala University of Digital Sciences, Innovation and Technology Knowledge Centre | Kerala University of Digital Sciences, Innovation and Technology Knowledge Centre | 16/06/2022 | 16/06/2022 | 16/06/2022 | E-Books |